| 000 | 00788nam a22002537a 4500 | ||
|---|---|---|---|
| 001 | sjds | ||
| 003 | sjds | ||
| 005 | 20240613124149.0 | ||
| 008 | 240613b |||||||| |||| 00| 0 spa d | ||
| 020 | _a9781338299427 | ||
| 020 | _a1338299425 | ||
| 040 | _csjds | ||
| 041 | _aspa | ||
| 100 | 1 | _aMarkle , Sandra | |
| 245 |
_aY si tuvieras cola de animal? / _cSandra Markle ; Howard McWilliam (Illustrator), Maria Antonia Cabrera (Translator) |
||
| 260 |
_a New York, NY : _bScholastic Inc., _c2019 |
||
| 300 |
_a 32 pages : _bcolor illustrations ; _c26 cm |
||
| 440 | _aWhat if you had series. Spanish | ||
| 440 | _aY si tuvieras | ||
| 500 | _aSeriea at head of title. | ||
| 700 | 1 |
_aMcWilliam, Howard _eIllustrator |
|
| 700 | 1 |
_aCabrera, Maria Antonia _eTranslator |
|
| 942 | _cBK | ||
| 999 |
_c29876 _d29874 |
||